Introduction to modern network synthesis : (Record no. 840373)

MARC details
000 -LEADER
fixed length control field 00594nam a2200229Ia 4500
003 - CONTROL NUMBER IDENTIFIER
control field OSt
005 - DATE AND TIME OF LATEST TRANSACTION
control field 20240911140614.0
008 - FIXED-LENGTH DATA ELEMENTS--GENERAL INFORMATION
fixed length control field 220927b |||||||| |||| 00| 0 eng d
020 ## - INTERNATIONAL STANDARD BOOK NUMBER
International Standard Book Number 0852268912
037 ## - SOURCE OF ACQUISITION
Terms of availability Textual
040 ## - CATALOGING SOURCE
Original cataloging agency SDCL
Transcribing agency SDCL
Language of cataloging eng
041 ## - LANGUAGE CODE
Source of code eng
Language code of text/sound track or separate title eng
100 ## - MAIN ENTRY--PERSONAL NAME
Personal name Van, Valkenburg, M.E.,
245 #0 - TITLE STATEMENT
Title Introduction to modern network synthesis :
260 ## - PUBLICATION, DISTRIBUTION, ETC.
Date of publication, distribution, etc. 1960.
Place of publication, distribution, etc. New York.
Name of publisher, distributor, etc. John Wiley,
300 ## - PHYSICAL DESCRIPTION
Extent 498p.
942 ## - ADDED ENTRY ELEMENTS (KOHA)
Classification part D661 K0
Koha item type Textual
Source of classification or shelving scheme Colon Classification (CC)
Holdings
Withdrawn status Lost status Source of classification or shelving scheme Damaged status Not for loan Home library Current library Date acquired Total Checkouts Full call number Barcode Date last seen Price effective from Koha item type
    Colon Classification (CC)     South Campus Library South Campus Library 2022-09-28   D661 K0 SC0848405 2022-09-28 2022-09-28 Textual
Copyright @ Delhi University Library System